Giáo trình quản lý nhà nước về đất đai : (Dùng trong các trường THCN)
Gardado en:
| Autor Principal: | |
|---|---|
| Formato: | Libro |
| Idioma: | Undetermined |
| Những chủ đề: | |
| Các nhãn: |
Engadir etiqueta
Sen Etiquetas, Sexa o primeiro en etiquetar este rexistro!
|
| Thư viện lưu trữ: | Trung tâm Học liệu Trường Đại học Cần Thơ |
|---|
| LEADER | 00572nam a2200181Ia 4500 | ||
|---|---|---|---|
| 001 | CTU_106544 | ||
| 008 | 210402s9999 xx 000 0 und d | ||
| 020 | |c 11500 | ||
| 082 | |a 354.309597 | ||
| 082 | |b C110 | ||
| 100 | |a Nguyễn, Đức Cát | ||
| 245 | 0 | |a Giáo trình quản lý nhà nước về đất đai : | |
| 245 | 0 | |b (Dùng trong các trường THCN) | |
| 245 | 0 | |c Nguyễn Đức Cát | |
| 650 | |a Land use, rural | ||
| 650 | |z Vietnam | ||
| 904 | |i Q. Hiếu (sửa) | ||
| 980 | |a Trung tâm Học liệu Trường Đại học Cần Thơ | ||